000 01159nam a2200277 i 4500
003 EG-ScBUE
005 20231010120438.0
008 100617s1972 u f b 000 0 ara d
017 _a1972 / 3745
040 _aEG-ScBUE
_bara
_erda
_cEG-ScBUE
_dEG-ScBUE
082 0 4 _a909.04924
_bط ع ي
_222
100 1 _914890
_aطعيمة، صابر عبد الرحمن،
_eمؤلف.
245 1 2 _aاليهود بين الدين والتاريخ :
_bدراسة للجوانب العقائدية والتاريخية عند بني إسرائيل /
_cتأليف صابر عبد الرحمن طعيمه.
264 1 _aالقاهرة :
_bمكتبة النهضة المصرية،
_c1972.
300 _a768 صفحة ؛
_c24 سم
336 _2rdacontent
_aنص
_btxt
337 _2rdamedia
_aبدون وسيط
_bn
338 _2rdacarrier
_aمجلد
_bnc
504 _aيشتمل على إرجاعات ببليوجرافية.
541 _cإهداء ؛
_aعلاء عبد الغني.
650 _913691
_aاليهود
650 7 _914892
_aاليهود
_xالأصل.
_2BUEsh
650 7 _914891
_aاليهود
_xتاريخ.
_2BUEsh
655 _vReading book
942 _2ddc
_cBB
999 _c14119
_d14119